banner-ar

ADMINISTRATION OF PHYSICAL EDUCATION AND SPORT PROGRAMS / (Record no. 10224)

MARC details
000 -الفاتح
حقل البيانات ثابتة الطول 00508nam a2200181Ia 4500
008 - عناصر البيانات ثابتة الطول - معلومات عامة
حقل البيانات ثابتة الطول 140319s9999 xx 000 0 eng d
040 ## - مصدر الفهرسة
وكالة الفهرسة الأصلية GCL /
وكالة النسخ GCL
082 04 - رقم تصنيف ديوى العشرى
رقم التصنيف 796.07
رقم المادة H A
100 1# - المدخل الرئيسى - إسم شخصى
الإسم الشخصى HORINE, LARRY
245 10 - بيان العنوان
العنوان ADMINISTRATION OF PHYSICAL EDUCATION AND SPORT PROGRAMS /
بيان المسئوليه,etc HORINE, LARRY
260 ## - PUBLICATION, DISTRIBUTION, ETC. (IMPRINT)
تاريخ النشر أو التوزيع 1995
300 ## - الوصف المادى
التعداد 303 P
650 04 - المدخل الاضافى بالموضوع-مصطلح موضوعى
مصطلح موضوعي PHYSICAL EDUCATION
650 04 - المدخل الاضافى بالموضوع-مصطلح موضوعى
مصطلح موضوعي SPORT PROGRAMS
650 04 - المدخل الاضافى بالموضوع-مصطلح موضوعى
مصطلح موضوعي PERSONNEL MANAGEMENT
942 ## - عناصر المدخل الإضافي( كوها)
مصدر التصنيف او مخطط الترفيف Dewey Decimal Classification
Koha [default] item type كتاب
260 ## - PUBLICATION, DISTRIBUTION, ETC. (IMPRINT)
-- [S.N] :
-- WCB BROWN & BENCHANARK ،
Holdings
حالة التراجع حالة الفقد حالة تلف ليس للاعارة المكان المؤقت الموقع الحالى تاريخ الاكتساب اجمالي اﻻعارات رقم الطلب الباركود تاريخ اخر مشاهدة تاريخ تفعيل السعر نوع وعاء كوها
        مكتبة القاهرة الكبرى مكتبة القاهرة الكبرى 03/26/2014   796.07\H A 20848 03/26/2014 03/26/2014 كتاب
        مكتبة القاهرة الكبرى مكتبة القاهرة الكبرى 03/26/2014   796.07\H A 20849 03/26/2014 03/26/2014 كتاب
        مكتبة القاهرة الكبرى مكتبة القاهرة الكبرى 03/26/2014   796.07\H A 20850 03/26/2014 03/26/2014 كتاب

Powered By

EGPV